Statistics for Biggest Cities in the Dominican Republic

Click here to take the quiz!

General Stats

  • This quiz has been taken 70 times
  • The average score is 4 of 10

Answer Stats

Population City % Correct
2,201,941Santo Domingo
100%
1,200,000Santiago de los Caballeros
82%
208,437La Romana
65%
217,899San Pedro de Macorís
56%
124,763San Francisco de Macorís
45%
154,040San Cristóbal
44%
146,000Puerta Plata
8%
701,269Santo Domingo Oeste
5%
123,787Salvaleón de Higüey
3%
175,683Bella Vista
2%

Score Distribution

Percentile by Number Answered

Percent of People with Each Score

Your Score History

You have not taken this quiz